000 00796cab a2200229 4500
001 ABS48201
008 090401t1993 xxu||||| |||| 00| 0 eng d
035 _a(Sirsi) u65436
041 _aeng
100 _aMorton, D.
245 _aMaking sense of history
260 _c1993
350 _a0
490 _aPlanning (for the Natural and Built Environment)
_v(1010) 19 March 1993, 6-7(2)
520 _aDiscusses whether architectural interest is the only criteria that should be taken into account when defining `special architectural or historic interest` or whether historic interest is relevant.
650 _aCONSERVATION AREAS
650 _aLISTED BUILDINGS
650 _aSPECIAL ARCHITECTURAL AND HISTORIC INTEREST
690 _aCONSERVATION
942 _n0
948 _c04/03/1997
999 _c40802
_d40802